The brave baby / (Record no. 32715)

MARC details
000 -LEADER
fixed length control field 01370nam a22002777a 4500
005 - DATE AND TIME OF LATEST TRANSACTION
control field 20091214110914.0
008 - FIXED-LENGTH DATA ELEMENTS--GENERAL INFORMATION
fixed length control field 091214t xxu||||| |||| 00| 0 eng d
010 ## - LCCN (DPL NO)
LC control number B-380607-609
020 ## - INTERNATIONAL STANDARD BOOK NUMBER
International Standard Book Number 9780007244508
Terms of availability 75.00
035 ## - SYSTEM CONTROL NUMBER
System control number B-38067-609
037 ## - SOURCE OF ACQUISITION
Source of stock number/acquisition UBH
040 ## - CATALOGING SOURCE
Original cataloging agency dpl
Language of cataloging English
082 ## - DEWEY DECIMAL CLASSIFICATION NUMBER
Classification number S
100 ## - MAIN ENTRY--PERSONAL NAME
Personal name Doyle, Malachy
245 ## - TITLE STATEMENT
Title The brave baby /
Statement of responsibility, etc by Malachy Doyle; illustrated by Richard Johnson
260 ## - PUBLICATION, DISTRIBUTION, ETC. (IMPRINT)
Place of publication, distribution, etc London
Name of publisher, distributor, etc Collins
Date of publication, distribution, etc 2007
270 ## - ADDRESS
Address 77-85, Fulham Palace Road, Hammersmith
City London
300 ## - PHYSICAL DESCRIPTION
Extent 32p.:
Other physical details col. ill.
Dimensions 21cm(pbk)
490 ## - SERIES STATEMENT
Series statement Collins big cat read at home; edited by Cliff Moon
Volume number/sequential designation level 4 book a- love reading
700 ## - ADDED ENTRY--PERSONAL NAME
Personal name Johnson, Richard
942 ## - ADDED ENTRY ELEMENTS (KOHA)
Source of classification or shelving scheme Dewey Decimal Classification
Item type Children Books
Call number suffix DOY
Classification part S
Holdings
Withdrawn status Lost status Source of classification or shelving scheme Damaged status Not for loan Collection code Home library Current library Date acquired Source of acquisition Cost, normal purchase price Total Checkouts Full call number Barcode Date last seen Copy number Cost, replacement price Koha item type
    Dewey Decimal Classification     Fiction Janak Puri Janak Puri 25/05/2010 UBH/253/03.03.10/172/27.01.10/03.03.10 75.00 19 S DOY B-380607 25/01/2014 1 75.00 Children Books
  Written-off vide DLB M. No. 383 dt 16.05.19 Dewey Decimal Classification     Fiction Shahdara Branch Shahdara Branch 25/05/2010 UBH/253/03.03.10/172/27.01.10/03.03.10 75.00   S DOY B-380609 25/05/2010 1 75.00 Children Books
    Dewey Decimal Classification     Fiction Vinoba Puri Vinoba Puri 25/05/2010 UBH/253/03.03.10/172/27.01.10/03.03.10 75.00 9 S DOY B-380608 09/03/2020 1 75.00 Children Books

© Delhi Public Library
Hit Counter
free hit counter